Ngữ văn Hán Nôm Tập 2 Ngữ văn Hán Nôm

Giới thiệu một số văn bản Hán Nôm tiêu biểu theo phương hướng "Từ chữ nghĩa đến văn bản", Phần một bao gồm một số văn bản chữ Hán của các tác giả Việt Nam, được chia theo thể loại : Thơ ca, văn biền ngẫu và văn xuôi

Kaydedildi:
Detaylı Bibliyografya
Yazar: Đặng Đức Siêu (Tác giả)
Müşterek Yazar: Đại học Sư Phạm
Diğer Yazarlar: Nguyễn Ngọc San (Tác giả)
Materyal Türü: Kitap
Dil:Vietnamese
Baskı/Yayın Bilgisi: H. Giáo dục 1995
Edisyon:In lần thứ 2
Konular:
Etiketler: Etiketle
Etiket eklenmemiş, İlk siz ekleyin!
Thư viện lưu trữ: Mạng thư viện Đại học Đà Nẵng
LEADER 01540nam a2200397 4500
001 000007855
003 4025
005 20111117101112.0
008 111012s1995 viesd
020 |c 11000đ 
041 0 |a vie 
082 |a 495.9227  |b ĐĂ-S 
100 0 |a Đặng Đức Siêu  |e Tác giả 
110 |a Đại học Sư Phạm 
245 1 0 |a Ngữ văn Hán Nôm  |c Đặng Đức Siêu  |n Tập 2  |p Ngữ văn Hán Nôm 
250 |a In lần thứ 2 
260 |a H.  |b Giáo dục  |c 1995 
300 |a 219tr  |c 21cm 
520 |a Giới thiệu một số văn bản Hán Nôm tiêu biểu theo phương hướng "Từ chữ nghĩa đến văn bản", Phần một bao gồm một số văn bản chữ Hán của các tác giả Việt Nam, được chia theo thể loại : Thơ ca, văn biền ngẫu và văn xuôi 
653 |a Ngữ văn 
653 |a Hán Nôm 
653 |a Văn học 
653 |a Thơ ca 
700 |a Nguyễn Ngọc San  |e Tác giả 
773 |t Ngữ văn Hán Nôm  |w 4023 
910 |a Minh Phuong  |d 12/10/2011 
OWN |a LSP 
AVA |a UDN50  |b LSP  |d 495.9227 ĐĂ-S  |e unavailable  |t Error 5002 Not defined in file expand_doc_bib_avail.  |f 2  |g 2  |h N  |i 0  |k 1 
999 |a From the UDN01 
AVA |a UDN50  |b LSP  |d 495.9227 ĐĂ-S  |e unavailable  |t Error 5002 Not defined in file expand_doc_bib_avail.  |f 2  |g 2  |h N  |i 0  |k 1 
TYP |a Monograph 
TYP |a Printed language 
980 |a Mạng thư viện Đại học Đà Nẵng